000 00303nam a22001217a 4500
008 160505b xxu||||| |||| 00| 0 eng d
020 _a9780803608344
020 _a0803608349
041 _aeng
080 _a612
245 _aAging - The health care challenge:
_cCarole Bernstein Lewis;
942 _2udc
_cBK
999 _c1825
_d1825